000 00529nam a2200169 i 4500
001 39860
003 ES-MaACL
005 20230906160107.0
007 t|
008 030304s1961 sp ||||1| spa d
100 1 _aCanneri, Giovanni.
_934516
245 1 0 _aQuímica analítica /
_cGiovanni Canneri ; [traducción por Luis García Escolar y Engracia Niño Martínez].
250 _a[1ª ed.].
260 _aMadrid, etc. :
_bAlhambra,
_c[1961]
300 _aXIV, 533 p. :
_bil. ;
_c22 cm.
852 _aES-MaACL
_jC-20622
_bR.49161
999 _c39860
_d39860